| 000 | 00488nam a22001937a 4500 | ||
|---|---|---|---|
| 003 | NUST - PNEC | ||
| 005 | 20170116181157.0 | ||
| 008 | 150902b xxu||||| |||| 00| 0 eng d | ||
| 020 | _a0471202312 | ||
| 040 | _cLIBRARY | ||
| 082 | _a620.106 FOX | ||
| 100 |
_96767 _aFox, Robert W. |
||
| 245 |
_aIntroduction to fluid mechanics _cRobert W. Fox |
||
| 250 | _a6th ed. | ||
| 260 | _cc.2004 | ||
| 300 | _a787 p. | ||
| 650 |
_96770 _aMechanical Engineering _xME, IME |
||
| 942 |
_2ddc _cBK |
||
| 999 |
_c71255 _d71255 |
||